Discover India: A Journey Through Culture, History, and Landmarks - Statistics

General Stats
  • This quiz has been taken 32 times
  • The average score is 11 of 15
Answer Stats
Question Answer % Correct
What is the national currency of India? Rupee
96%
In which year did India gain independence from British rule? 1947
93%
Which river is considered the holiest in India? Ganga
93%
Which monument is known as a symbol of love and is located in Agra, India? Taj Mahal
93%
Which festival is known as the "Festival of Lights" in India? Diwali
89%
Which city is known as the "Pink City" of India? Jaipur
89%
What is the capital city of India? New Delhi
89%
What is the national animal of India? Tiger
75%
Which is the largest state in India by area? Rajasthan
57%
Who is the author of the Indian national song "Vande Mataram"? Bankim Chandra Chattopadhyay
54%
Who was the famous leader known as the "Iron Man of India"? Sardar Vallabhbhai Patel
54%
Which state is known as the "Land of the Rising Sun" in India? Arunachal Pradesh
50%
Which Indian state is famous for its tea gardens and the Kaziranga National Park? Assam
50%
Who was the first President of India? Dr. Rajendra Prasad
46%
What is the official language of the Indian government? English
36%
No matching quizzes found
Score Distribution
Percent of People with Each Score
Percentile by Number Answered
Your Score History
You have not taken this quiz